Les 10 plus grandes îles du Monde (Mort subite) - Statistiques

Statistiques générales
  • Ce quiz a été pris 388 fois
  • Le résultat moyen est 3 sur 10
Answers on the Grid
Answers color-coded by a green-red scale on the quiz's grid according to % correct below.
Groenland
Nouvelle-Guinée
Bornéo
Madagascar
Ile de Baffin
Sumatra
Honshū
Ile Victoria
Grande-Bretagne
Île d'Ellesmere
Célèbes
Ile du Sud (Nouvelle-Zélande)
Ile du Nord (Nouvelle-Zélande)
Java
Terre-Neuve
Cuba
Islande
Luçon
Mindanao
Irlande
 
Statistiques - réponses
Réponse % Correct
Madagascar
69%
Groenland
68%
Grande-Bretagne
44%
Nouvelle-Guinée
26%
Bornéo
23%
Sumatra
15%
Ile de Baffin
11%
Honshū
7%
Île d'Ellesmere
5%
Ile Victoria
5%
Aucun quiz correspondant
Distribution des résultats
% des personnes avec chaque résultat
Percentile par nombre de réponses
Votre historique - résultats
Vous n’avez pas pris ce quiz